| Поле | Инд. | ПП | Название | Значение |
|---|---|---|---|---|
| Тип записи | a | |||
| Библиографический уровень | b | |||
| 001 | Контрольный номер | UNIDUBNAecfb636d9b8c49d0bd4fecf83cb0be41 | ||
| 005 | Дата корректировки | 20221226164824.1 | ||
| 084 | a | Индекс другой классификации/Индекс ББК | 88.9; 60.992.1 | |
| 100 | 1_ | a | Автор | Голомазова И. А. |
| 245 | 10 | a | Заглавие | О реализации проекта "Гостевая семья" в доме-интернате для престарелых и инвалидов |
| 500 | a | Примечание | В рубрике "Руководитель учреждения социального обслуживания: содержание и организация деятельности" | |
| 520 | 0_ | a | Аннотация | При поступлении в дом-интернат у престарелых и инвалидов зачастую прерываются родственные связи, изменяется круг общения, что оказывает негативное влияние на их психику. Проект "Гостевая семья" направлен на повышение качества жизни пожилых и инвалидов, обеспечение возможности преодолеть критическую жизненную ситуацию, чтобы как можно дольше оставаться в привычных и комфортных условиях. |
| 650 | 04 | a | Основная рубрика | практическая психология (прикладная психология) |
| a | Основная рубрика | психология | ||
| a | Основная рубрика | социальная работа | ||
| 653 | 0_ | a | Ключевые слова | "Гостевая семья" (проект) |
| a | Ключевые слова | гостевая семья | ||
| a | Ключевые слова | дома престарелых | ||
| a | Ключевые слова | дома-интернаты | ||
| a | Ключевые слова | инвалиды | ||
| a | Ключевые слова | опека | ||
| a | Ключевые слова | патронаж | ||
| a | Ключевые слова | престарелые | ||
| a | Ключевые слова | психосоциальная реабилитация | ||
| a | Ключевые слова | социальное обслуживание | ||
| a | Ключевые слова | трудная жизненная ситуация | ||
| a | Ключевые слова | центры социального обслуживания | ||
| 773 | 18 | t | Заглавие источника | Работник социальной службы |
| d | Дата издания источника | 2022 | ||
| g | Прочая информация | № 1. - С. 24 - 25 | ||
| w | Контрольный № источника | UNIDUBNA9e96213a981e4497ab79b1f09ac6e1d9 | ||
| 901 | t | Тип документа | b |